[Event "Czech Open Rapid 2019"]
[Site "Pardubice"]
[Date "2019.07.18"]
[Round "8.6"]
[White "Manik, Mikulas"]
[Black "Cerveny, Martin"]
[Result "0-1"]
[WhiteElo "2377"]
[BlackElo "2351"]
[Annotator "NA"]
[PlyCount "100"]
[EventDate "2019.07.17"]
[EventType "swiss"]
[EventCountry "CZE"]
[SourceTitle "playchess.com"]
[Source "ChessBase"]
[SourceQuality "1"]

1. e4 c5 2. Nf3 d6 3. d4 cxd4 4. Nxd4 Nf6 5. Nc3 a6 6. Be3 e5 7. Nf3 Be7 8. Bc4 O-O 9. Nd5 Nbd7 10. Nxe7+ Qxe7 11. Nd2 b5 12. Bb3 Bb7 13. f3 Nc5 14. O-O Rfd8 15. Qe2 d5 16. exd5 Bxd5 17. Bxc5 Qxc5+ 18. Kh1 Bxb3 19. Nxb3 Qc4 20. Rae1 Rd5 21. c3 Rad8 22. g3 h6 23. Kg2 a5 24. Rf2 a4 25. Nc1 Rc8 26. a3 g5 27. h3 Rcd8 28. Qc2 Kg7 29. Qe2 Qc6 30. Kh2 Qc5 31. Rg2 h5 32. Qf2 Qxf2 33. Rxf2 Rd1 34. Rg1 Rxg1 35. Kxg1 h4 36. gxh4 gxh4 37. Kg2 Nd5 38. Ne2 Ne3+ 39. Kg1 Rd1+ 40. Kh2 Rd2 41. Kg1 Rxb2 42. f4 exf4 43. Nd4 Rxf2 44. Kxf2 Nd1+ 45. Kf3 Nxc3 46. Kxf4 Kf6 47. Kg4 Ke5 48. Nc2 f5+ 49. Kf3 Nd5 50. Kf2 Nf4 0-1

[Event "Czech Open Rapid 2019"]
[Site "Pardubice"]
[Date "2019.07.18"]
[Round "8.7"]
[White "Geller, Jakov"]
[Black "Novik, Maxim"]
[Result "1-0"]
[WhiteElo "2525"]
[BlackElo "2450"]
[Annotator "ChessBase"]
[PlyCount "103"]
[EventDate "2019.07.17"]
[EventType "swiss"]
[EventCountry "CZE"]
[SourceTitle "playchess.com"]
[Source "ChessBase"]
[SourceQuality "1"]

1. e4 c6 2. d4 d5 3. exd5 cxd5 4. c3 Nc6 5. Bf4 Nf6 6. h3 g6 7. Bd3 Bg7 8. Nf3 O-O 9. O-O Bf5 10. Re1 Ne4 11. Qe2 f6 12. Nfd2 e5 13. Nxe4 dxe4 14. Bc4+ Kh8 15. dxe5 Nxe5 16. Bxe5 fxe5 17. Nd2 Qh4 18. Bd5 Rad8 19. Bxe4 Rxd2 20. Qxd2 Bxe4 21. g3 Qxh3 22. Rxe4 Qf5 23. Qe2 h5 24. Rd1 Kh7 25. Kg2 Rf7 26. a4 b6 27. b4 Qf6 28. Rd3 Qc6 29. b5 Qe6 30. c4 Rf5 31. Rf3 Rg5 32. Qd3 Rf5 33. Rxf5 gxf5 34. Rh4 Qg6 35. Qd7 Kh6 36. Qxa7 f4 37. Qb7 fxg3 38. Qe4 Qg5 39. Qe3 gxf2+ 40. Qxg5+ Kxg5 41. Re4 Kf5 42. Re2 e4 43. c5 bxc5 44. a5 Bd4 45. b6 c4 46. b7 Ba7 47. Rxf2+ Ke5 48. Rf8 c3 49. b8=Q+ Bxb8 50. Rxb8 Kd4 51. a6 e3 52. a7 1-0

[Event "Czech Open Rapid 2019"]
[Site "Pardubice"]
[Date "2019.07.18"]
[Round "8.7"]
[White "Skliba, Martin"]
[Black "Frolov, Artur"]
[Result "0-1"]
[WhiteElo "2306"]
[BlackElo "2453"]
[Annotator "ChessBase"]
[PlyCount "88"]
[EventDate "2019.07.17"]
[EventType "swiss"]
[EventCountry "CZE"]
[SourceTitle "playchess.com"]
[Source "ChessBase"]
[SourceQuality "1"]

1. d4 Nf6 2. c4 c5 3. d5 e5 4. Nc3 d6 5. e4 g6 6. h3 h5 7. Nf3 Bh6 8. Bxh6 Rxh6 9. Qd2 Rh8 10. Bd3 h4 11. O-O Nh5 12. Ne2 f6 13. Nxh4 g5 14. Nf5 Bxf5 15. exf5 Nf4 16. Nxf4 gxf4 17. Rfe1 f3 18. g3 Rxh3 19. Be4 Nd7 20. Bxf3 Qe7 21. Kg2 Rh7 22. Be4 O-O-O 23. Rh1 Rdh8 24. a3 Qg7 25. Rxh7 Qxh7 26. Re1 Qh3+ 27. Kf3 a6 28. Ke3 Qg4 29. Kd3 Rh2 30. Qe2 Qh3 31. Qf3 b5 32. b3 b4 33. a4 Qh6 34. Rh1 Rxh1 35. Qxh1 Qg5 36. Qh8+ Kc7 37. Qh1 Qg4 38. Qf3 Qg5 39. Qe3 Qh5 40. Qf3 Qh6 41. Qe3 Qh2 42. Qe1 a5 43. Qf1 Kd8 44. Ke3 Qh3 0-1

[Event "Czech Open Rapid 2019"]
[Site "Pardubice"]
[Date "2019.07.18"]
[Round "8.8"]
[White "Matviishen, Viktor"]
[Black "Belyakov, Bogdan"]
[Result "1-0"]
[WhiteElo "2495"]
[BlackElo "2500"]
[Annotator "ChessBase"]
[PlyCount "153"]
[EventDate "2019.07.17"]
[EventType "swiss"]
[EventCountry "CZE"]
[SourceTitle "playchess.com"]
[Source "ChessBase"]
[SourceQuality "1"]

1. d4 Nf6 2. c4 g6 3. Nc3 Bg7 4. e4 d6 5. h3 O-O 6. Be3 c5 7. d5 a6 8. a4 e6 9. Bd3 Nbd7 10. Nf3 e5 11. g4 Ne8 12. Nd2 Bf6 13. h4 Bxh4 14. Qf3 Bg5 15. Qh3 h6 16. Bxg5 Qxg5 17. Nf3 Qf6 18. g5 Qh8 19. gxh6 Ndf6 20. Qg3 Nh7 21. O-O-O Qf6 22. Rh4 Bd7 23. Nd2 g5 24. Rh2 Kh8 25. Be2 Qf4 26. Qg2 Nef6 27. Rg1 Rab8 28. Bd1 Ng8 29. Ne2 Qf6 30. Ng3 b5 31. axb5 axb5 32. cxb5 Bxb5 33. Qf3 Qd8 34. Qc3 f6 35. Nf5 Ra8 36. Bc2 Ra1+ 37. Bb1 Qb6 38. Ne3 Rfa8 39. Nec4 Bxc4 40. Nxc4 Qa6 41. Kd2 Ne7 42. f4 exf4 43. Rhg2 Ra4 44. Bd3 Rxc4 45. Bxc4 Qa5 46. Qxa5 Rxa5 47. b4 cxb4 48. Rb1 Ra4 49. Rgg1 b3 50. Rgc1 g4 51. Rxb3 Ng5 52. Rb8+ Ng8 53. Bd3 Nf3+ 54. Kd1 Ra2 55. Rcc8 Rd2+ 56. Kc1 Rxd3 57. Rxg8+ Kh7 58. Rh8+ Kg6 59. Rhg8+ Kxh6 60. Rxg4 Ng5 61. Rxf4 Kg7 62. Rb7+ Kg6 63. Rd7 Rd4 64. Rxd6 Nxe4 65. Re6 Rc4+ 66. Kb2 Rb4+ 67. Ka3 Rd4 68. Rfxe4 Rxd5 69. Rf4 Rf5 70. Rxf5 Kxf5 71. Re1 Kg4 72. Kb3 f5 73. Kc3 Kf3 74. Kd3 Kf2 75. Re5 f4 76. Rf5 f3 77. Ke4 1-0

[Event "Czech Open Rapid 2019"]
[Site "Pardubice"]
[Date "2019.07.18"]
[Round "8.8"]
[White "Hagarova, Zuzana"]
[Black "Sreyas Payyappat"]
[Result "1-0"]
[WhiteElo "2294"]
[BlackElo "2072"]
[Annotator "NA"]
[PlyCount "61"]
[EventDate "2019.07.17"]
[EventType "swiss"]
[EventCountry "CZE"]
[SourceTitle "playchess.com"]
[Source "ChessBase"]
[SourceQuality "1"]

1. Nf3 Nf6 2. g3 e6 3. Bg2 d5 4. d3 a6 5. Nbd2 c5 6. e4 d4 7. O-O Nc6 8. a4 Qc7 9. Nc4 e5 10. Bd2 Rb8 11. a5 Bd6 12. Nh4 Be6 13. f4 Bxc4 14. dxc4 g6 15. f5 Rf8 16. Bh6 Rg8 17. fxg6 hxg6 18. Rxf6 Be7 19. Rf2 g5 20. Nf5 Rg6 21. Ng7+ Kd8 22. Qh5 Qd6 23. Nf5 Qe6 24. Raf1 Bf6 25. Bg7 Be7 26. Nxe7 Kxe7 27. Bf6+ Kd7 28. Bxg5 Qxc4 29. Rxf7+ Kc8 30. Qh8+ Nd8 31. Qxd8# 1-0

[Event "Czech Open Rapid 2019"]
[Site "Pardubice"]
[Date "2019.07.18"]
[Round "8.9"]
[White "Vykouk, Jan"]
[Black "Rasik, Vitezslav"]
[Result "1/2-1/2"]
[WhiteElo "2453"]
[BlackElo "2470"]
[Annotator "ChessBase"]
[PlyCount "165"]
[EventDate "2019.07.17"]
[EventType "swiss"]
[EventCountry "CZE"]
[SourceTitle "playchess.com"]
[Source "ChessBase"]
[SourceQuality "1"]

1. e4 d6 2. d4 g6 3. Nc3 Bg7 4. Be3 Nf6 5. f3 c6 6. Qd2 b5 7. h4 h5 8. O-O-O b4 9. Nce2 Qa5 10. Kb1 Nbd7 11. Nh3 Nb6 12. Nc1 Bxh3 13. Rxh3 Na4 14. Nb3 Qb6 15. Qd3 O-O 16. g4 c5 17. g5 Nd7 18. Qb5 Qxb5 19. Bxb5 cxd4 20. Bxd7 Nb6 21. Nxd4 Bxd4 22. Rxd4 Nxd7 23. Rxb4 Ne5 24. f4 Ng4 25. Bd4 f6 26. gxf6 Nxf6 27. Bc3 Ng4 28. Rf3 e5 29. f5 gxf5 30. exf5 Rf7 31. a4 d5 32. Rb5 d4 33. Bb4 Re8 34. Rf1 Ne3 35. Rg1+ Ng4 36. Bc5 Kg7 37. a5 a6 38. Rb6 Ra8 39. Rg6+ Kh7 40. Rg5 Kh6 41. b4 Rf6 42. Be7 Rf7 43. f6 Re8 44. Kb2 e4 45. Rf1 e3 46. Rff5 Nxf6 47. Bxf6 e2 48. Rxh5+ Kg6 49. Rhg5+ Kh6 50. Rg1 e1=Q 51. Rxe1 Rxe1 52. Bg5+ Kg6 53. Rd5 Re4 54. Rd6+ Kh5 55. Rxa6 Rf2 56. Rh6+ Kg4 57. Rd6 d3 58. Rxd3 Rxb4+ 59. Kc3 Rb5 60. Rd4+ Kh5 61. Ra4 Rc5+ 62. Kd3 Rfxc2 63. a6 R5c3+ 64. Kd4 Rc8 65. a7 Ra8 66. Bf4 Kxh4 67. Bb8 Kh5 68. Rb4 Kg6 69. Kd5 Kf7 70. Kd6 Kf6 71. Kd7 Kf5 72. Rb7 Rd2+ 73. Bd6 Ra2 74. Bc5 Ra6 75. Kc7 Ke6 76. Bb6 Kd5 77. Bg1 Rc6+ 78. Kd7 Rg6 79. Rb5+ Kc4 80. Rb8 Rg7+ 81. Kc6 Rgxa7 82. Bxa7 Rxb8 83. Bxb8 1/2-1/2

[Event "Czech Open Rapid 2019"]
[Site "Pardubice"]
[Date "2019.07.18"]
[Round "8.9"]
[White "Lederman, Leon"]
[Black "Novotny, Michal"]
[Result "1-0"]
[WhiteElo "2238"]
[BlackElo "2280"]
[Annotator "NA"]
[PlyCount "49"]
[EventDate "2019.07.17"]
[EventType "swiss"]
[EventCountry "CZE"]
[SourceTitle "playchess.com"]
[Source "ChessBase"]
[SourceQuality "1"]

1. e4 e6 2. d4 d5 3. Nc3 Bb4 4. e5 c5 5. a3 Ba5 6. b4 cxd4 7. Nb5 Bc7 8. f4 Bd7 9. Qg4 Kf8 10. Nxd4 Bb6 11. Ngf3 h5 12. Qh3 Ba4 13. Bd3 Nc6 14. Bb2 Rc8 15. Rc1 a5 16. f5 Bxd4 17. Nxd4 Qg5 18. O-O Nxd4 19. Bxd4 Qg4 20. Qe3 Nh6 21. Rf4 Nxf5 22. Bxf5 exf5 23. Rxg4 hxg4 24. e6 Be8 25. Qe5 1-0

[Event "Czech Open Rapid 2019"]
[Site "Pardubice"]
[Date "2019.07.18"]
[Round "8.10"]
[White "Jirka, Jiri"]
[Black "Gutman, Gennadi"]
[Result "1-0"]
[WhiteElo "2407"]
[BlackElo "2466"]
[Annotator "ChessBase"]
[PlyCount "193"]
[EventDate "2019.07.17"]
[EventType "swiss"]
[EventCountry "CZE"]
[SourceTitle "playchess.com"]
[Source "ChessBase"]
[SourceQuality "1"]

1. d4 Nf6 2. c4 Nc6 3. Nf3 e6 4. g3 Bb4+ 5. Bd2 Qe7 6. Nc3 Bxc3 7. Bxc3 Ne4 8. Rc1 d6 9. Bg2 O-O 10. O-O Nxc3 11. Rxc3 e5 12. d5 Nd8 13. Nd2 f5 14. c5 Nf7 15. Qb3 f4 16. Rfc1 Qf6 17. Ne4 Qg6 18. cxd6 cxd6 19. Kh1 Bf5 20. Nd2 b6 21. Qa3 Kh8 22. Rc7 fxg3 23. Qxg3 Qh6 24. Ne4 Rac8 25. Rxc8 Bxc8 26. Rc7 Bf5 27. h3 Bxe4 28. Bxe4 Ng5 29. Bg2 Qf6 30. Rxa7 h6 31. h4 Nf7 32. Rc7 Qf5 33. Kh2 e4 34. Re7 Qf6 35. Re6 Qxb2 36. Rxe4 Qxa2 37. Re7 Qb2 38. Be4 Qf6 39. Re6 Qd8 40. Kg2 g5 41. Kh2 Rg8 42. Qf3 Rg7 43. Qf5 gxh4 44. f4 b5 45. Bd3 h3 46. Bxb5 Qh4 47. Re8+ Rg8 48. Rxg8+ Kxg8 49. Qg6+ Kf8 50. Qg3 Qh5 51. Bc4 Qf5 52. Qf3 Nh8 53. Bd3 Qf6 54. Qg4 Nf7 55. Kxh3 Qd4 56. Qf3 Kg7 57. Bf5 Kf6 58. Be6 Nd8 59. Bg4 Nb7 60. e4 Nc5 61. Bf5 Qg1 62. Qg2 Qxg2+ 63. Kxg2 Nd3 64. Kf3 Ne1+ 65. Kf2 Nd3+ 66. Ke3 Nc5 67. Bg4 Nb3 68. Bd1 Nc5 69. Kd4 Ke7 70. e5 Nd7 71. Ke4 Nb6 72. Bb3 Nd7 73. Kf5 Nc5 74. Bc2 Nd7 75. Bd1 Nb6 76. Bb3 Nd7 77. e6 Nf6 78. Kg6 h5 79. Kg5 Ne4+ 80. Kxh5 Kf6 81. Kg4 Nc5 82. Bc2 Na6 83. Be4 Nc5 84. Bc2 Na6 85. Kf3 Nc5 86. Ke3 Ke7 87. Kd4 Kf6 88. Kc4 Ke7 89. Kb5 Kf6 90. Kc6 Ke7 91. f5 Na6 92. Be4 Nc5 93. Bg2 Nb3 94. f6+ Kxf6 95. Kxd6 Nd4 96. Kd7 Nf5 97. d6 1-0

[Event "Czech Open Rapid 2019"]
[Site "Pardubice"]
[Date "2019.07.18"]
[Round "8.10"]
[White "Vavra, Pavel"]
[Black "Brejnik, Gustav"]
[Result "0-1"]
[WhiteElo "2367"]
[BlackElo "2179"]
[Annotator "NA"]
[PlyCount "54"]
[EventDate "2019.07.17"]
[EventType "swiss"]
[EventCountry "CZE"]
[SourceTitle "playchess.com"]
[Source "ChessBase"]
[SourceQuality "1"]

1. e4 c6 2. c4 d5 3. cxd5 cxd5 4. exd5 Nf6 5. Nc3 Nxd5 6. Nf3 Nc6 7. d4 e6 8. Bd3 Be7 9. O-O O-O 10. Re1 b6 11. Nxd5 exd5 12. Ne5 Nxe5 13. dxe5 Re8 14. Bf4 Bc5 15. Qh5 g6 16. Qf3 Be6 17. Rad1 a6 18. a3 b5 19. Qg3 Be7 20. Bb1 d4 21. Re4 Bh4 22. Qf3 Bd5 23. Rdxd4 Bxe4 24. Qxe4 Qxd4 25. Qxd4 Rad8 26. Be3 Rxd4 27. Bxd4 Rd8 0-1

[Event "Czech Open Rapid 2019"]
[Site "Pardubice"]
[Date "2019.07.18"]
[Round "8.11"]
[White "Pulpan, Jakub"]
[Black "Panesso Rivera, Henry"]
[Result "1/2-1/2"]
[WhiteElo "2414"]
[BlackElo "2380"]
[Annotator "NA"]
[PlyCount "65"]
[EventDate "2019.07.17"]
[EventType "swiss"]
[EventCountry "CZE"]
[SourceTitle "playchess.com"]
[Source "ChessBase"]
[SourceQuality "1"]

1. e4 c5 2. Nf3 e6 3. d4 cxd4 4. Nxd4 Nc6 5. Nc3 Qc7 6. Qd3 a6 7. Nxc6 bxc6 8. Qg3 Qxg3 9. hxg3 d5 10. Na4 Bb7 11. Be3 Nf6 12. exd5 cxd5 13. Nc5 Bc8 14. Be2 Nd7 15. Nxd7 Bxd7 16. c4 Bb4+ 17. Bd2 Bxd2+ 18. Kxd2 Bc6 19. Bf3 O-O-O 20. cxd5 Bxd5 21. Rac1+ Kb7 22. Ke3 Bxf3 23. gxf3 h6 24. Rh4 Rd7 25. Rb4+ Ka7 26. Rc6 Rb7 27. Rxb7+ Kxb7 28. Rd6 Rc8 29. Kd3 Rc6 30. Rd7+ Rc7 31. Rd6 Rc6 32. Rd8 Rc8 33. Rd7+ 1/2-1/2

[Event "Czech Open Rapid 2019"]
[Site "Pardubice"]
[Date "2019.07.18"]
[Round "8.11"]
[White "Sysolyatin, Evgeny"]
[Black "Shcherbin, Matvei"]
[Result "0-1"]
[WhiteElo "2271"]
[BlackElo "2366"]
[Annotator "NA"]
[PlyCount "90"]
[EventDate "2019.07.17"]
[EventType "swiss"]
[EventCountry "CZE"]
[SourceTitle "playchess.com"]
[Source "ChessBase"]
[SourceQuality "1"]

1. e4 c5 2. Nf3 e6 3. d4 cxd4 4. Nxd4 Bc5 5. Nb3 Bb6 6. Nc3 Ne7 7. Bf4 d5 8. Bb5+ Nbc6 9. O-O O-O 10. exd5 Nxd5 11. Nxd5 exd5 12. c3 Qf6 13. Qd2 h6 14. Be3 Bxe3 15. Qxe3 Ne5 16. Rfe1 Ng6 17. Nd4 a6 18. Bd3 Nf4 19. Bf1 Bd7 20. Qe5 Qxe5 21. Rxe5 Rfe8 22. Rxe8+ Rxe8 23. f3 Ne6 24. Rd1 Nxd4 25. Rxd4 Re1 26. Kf2 Rb1 27. Rd2 Kf8 28. Be2 Be6 29. a3 Ke7 30. Bd1 b5 31. Ke3 Kd6 32. f4 Kc5 33. Rd4 Rxb2 34. Bf3 Rc2 35. Rd3 Kc4 36. f5 Bxf5 37. Rd4+ Kxc3 38. Rxd5 Be6 39. Rd6 a5 40. Ra6 a4 41. Rb6 Bc4 42. Bc6 Ra2 43. Rb7 Rxa3 44. h4 Kb4+ 45. Kf4 Rc3 0-1

[Event "Czech Open Rapid 2019"]
[Site "Pardubice"]
[Date "2019.07.18"]
[Round "8.12"]
[White "Sahidi, Samir"]
[Black "Mirzoev, Emil"]
[Result "0-1"]
[WhiteElo "2369"]
[BlackElo "2493"]
[Annotator "ChessBase"]
[PlyCount "60"]
[EventDate "2019.07.17"]
[EventType "swiss"]
[EventCountry "CZE"]
[SourceTitle "playchess.com"]
[Source "ChessBase"]
[SourceQuality "1"]

1. d4 Nf6 2. c4 g6 3. Nc3 Bg7 4. e4 O-O 5. Be3 d6 6. f3 Nc6 7. Qd2 a6 8. Bd3 e5 9. d5 Nd4 10. Nge2 Nh5 11. Bc2 Nxc2+ 12. Qxc2 f5 13. O-O-O Nf6 14. h3 b5 15. c5 Qe7 16. Nb1 b4 17. g4 fxe4 18. fxe4 a5 19. Nd2 Ba6 20. Rh2 a4 21. c6 Qd8 22. Ng3 h6 23. Nc4 Nh7 24. Nd2 Bb5 25. Rg1 b3 26. Qb1 a3 27. bxa3 Rxa3 28. axb3 Qa8 29. Kb2 Qa6 30. Kc2 Bd3+ 0-1

[Event "Czech Open Rapid 2019"]
[Site "Pardubice"]
[Date "2019.07.18"]
[Round "8.12"]
[White "Blandon, Luis Guillermo"]
[Black "Vittorino, Carlo Giovanni"]
[Result "1/2-1/2"]
[WhiteElo "2239"]
[BlackElo "2252"]
[Annotator "TA"]
[PlyCount "32"]
[EventDate "2019.07.17"]
[EventType "swiss"]
[EventCountry "CZE"]
[SourceTitle "playchess.com"]
[Source "ChessBase"]
[SourceQuality "1"]

1. Nf3 Nf6 2. g3 g6 3. Bg2 Bg7 4. O-O O-O 5. d4 d5 6. c4 dxc4 7. Na3 c3 8. bxc3 c5 9. Re1 Nc6 10. Bb2 cxd4 11. cxd4 Ne4 12. Qc2 Nd6 13. Ne5 Be6 14. e3 Nb4 15. Qd2 a5 16. Bc3 Nd5 1/2-1/2

[Event "Czech Open Rapid 2019"]
[Site "Pardubice"]
[Date "2019.07.18"]
[Round "8.13"]
[White "Skliarov, Viktor"]
[Black "Dvoirys, Semen I."]
[Result "1/2-1/2"]
[WhiteElo "2360"]
[BlackElo "2505"]
[Annotator "ChessBase"]
[PlyCount "91"]
[EventDate "2019.07.17"]
[EventType "swiss"]
[EventCountry "CZE"]
[SourceTitle "playchess.com"]
[Source "ChessBase"]
[SourceQuality "1"]

1. e4 c5 2. Nf3 Nc6 3. Bb5 g6 4. O-O Bg7 5. Re1 Nf6 6. e5 Nd5 7. Nc3 Nc7 8. Bxc6 dxc6 9. Ne4 Ne6 10. d3 O-O 11. Be3 b6 12. Qd2 a5 13. a3 a4 14. Rad1 Ra7 15. Bh6 f5 16. exf6 exf6 17. h4 Bxh6 18. Qxh6 Ng7 19. Ng3 Be6 20. Re3 Bd5 21. Rde1 c4 22. dxc4 Bxc4 23. Qf4 Bd5 24. c4 Bf7 25. h5 gxh5 26. Nd4 Rc7 27. Ndf5 Nxf5 28. Nxf5 Bg6 29. Ne7+ Kg7 30. Re6 Qd7 31. Nf5+ Bxf5 32. Qxf5 Qf7 33. R1e3 Kh8 34. Rh3 Re7 35. Rxc6 Re1+ 36. Kh2 Re5 37. Qf4 Qg6 38. Rxb6 Re4 39. Qf3 Rxc4 40. Rxh5 Rf4 41. Qh3 Rxf2 42. Rb7 Rxg2+ 43. Kh1 Rg1+ 44. Kh2 Rg2+ 45. Kh1 Rg1+ 46. Kh2 1/2-1/2

[Event "Czech Open Rapid 2019"]
[Site "Pardubice"]
[Date "2019.07.18"]
[Round "8.13"]
[White "Rohan Bharat Joshi"]
[Black "Vokoun, Jan"]
[Result "0-1"]
[WhiteElo "1901"]
[BlackElo "2072"]
[Annotator "NA"]
[PlyCount "72"]
[EventDate "2019.07.17"]
[EventType "swiss"]
[EventCountry "CZE"]
[SourceTitle "playchess.com"]
[Source "ChessBase"]
[SourceQuality "1"]

1. e4 c5 2. Nf3 a6 3. c3 Nf6 4. Bd3 d6 5. h3 Nc6 6. O-O e6 7. Re1 Be7 8. Bf1 b5 9. d4 d5 10. e5 Nd7 11. a4 bxa4 12. Qxa4 Qc7 13. Bf4 O-O 14. Nbd2 c4 15. b3 Nb6 16. Qa2 cxb3 17. Qxb3 a5 18. c4 dxc4 19. Nxc4 Nxc4 20. Bxc4 Nb4 21. Rec1 Qd7 22. Rd1 Bb7 23. Ne1 Rfc8 24. Bd2 a4 25. Bxe6 fxe6 26. Qb1 Rc4 27. Bxb4 Bxb4 28. Nd3 Qc6 29. f3 Bc3 30. Ra2 Bxd4+ 31. Kh1 a3 32. Nb4 Qb6 33. Nd3 Qxb1 34. Rxb1 Bd5 35. Rb3 Rc3 36. Rxc3 Bxc3 0-1

[Event "Czech Open Rapid 2019"]
[Site "Pardubice"]
[Date "2019.07.18"]
[Round "8.14"]
[White "Stocek, Jiri"]
[Black "Polschikov, Alexey"]
[Result "1-0"]
[WhiteElo "2556"]
[BlackElo "2375"]
[Annotator "ChessBase"]
[PlyCount "45"]
[EventDate "2019.07.17"]
[EventType "swiss"]
[EventCountry "CZE"]
[SourceTitle "playchess.com"]
[Source "ChessBase"]
[SourceQuality "1"]

1. c4 c5 2. Nf3 Nf6 3. Nc3 e6 4. e3 d5 5. cxd5 exd5 6. d4 Nc6 7. Bb5 cxd4 8. exd4 Be7 9. O-O O-O 10. Ne5 Bd6 11. Re1 Qc7 12. Bf4 Ne7 13. Rc1 Qb6 14. Bg5 Bb4 15. Bd3 h6 16. Bh4 Bxc3 17. Rxc3 Nf5 18. Bxf5 Bxf5 19. Rf3 Bg4 20. Nxg4 Nxg4 21. Rb3 Qg6 22. Rg3 f5 23. h3 1-0

[Event "Czech Open Rapid 2019"]
[Site "Pardubice"]
[Date "2019.07.18"]
[Round "8.14"]
[White "Zpevakova, Jana"]
[Black "Mogilny, Evgeny"]
[Result "1-0"]
[WhiteElo "2109"]
[BlackElo "2298"]
[Annotator "NA"]
[PlyCount "153"]
[EventDate "2019.07.17"]
[EventType "swiss"]
[EventCountry "CZE"]
[SourceTitle "playchess.com"]
[Source "ChessBase"]
[SourceQuality "1"]

1. d4 Nf6 2. c4 g6 3. Nc3 d5 4. cxd5 Nxd5 5. Bd2 Bg7 6. Nf3 O-O 7. Rc1 Nc6 8. e4 Nxc3 9. Bxc3 a6 10. Be2 Bd7 11. O-O Rc8 12. Qd2 Bg4 13. Rfd1 e6 14. h3 Bxf3 15. Bxf3 Ne7 16. Bb4 Re8 17. d5 exd5 18. exd5 Nf5 19. Rc4 Nd6 20. Rc2 Qd7 21. Rdc1 f5 22. Ba5 b6 23. Bb4 Ne4 24. Qd3 a5 25. Be1 c5 26. a3 Rcd8 27. Rd1 Re5 28. Qa6 Qc7 29. b4 axb4 30. axb4 h5 31. bxc5 Nxc5 32. Qc4 Rd6 33. Bb4 Bf8 34. Bd2 Qe7 35. Rcc1 Ne4 36. Bf4 Bg7 37. Qc8+ Rd8 38. Qc6 Rd6 39. Qc7 Qxc7 40. Rxc7 Rexd5 41. Bxd6 Rxd1+ 42. Bxd1 Nxd6 43. Rc6 Ne4 44. Rxg6 b5 45. Bb3+ Kh7 46. Rb6 Bd4 47. Rxb5 Bxf2+ 48. Kf1 Kg6 49. Bc2 Bg3 50. Bxe4 fxe4 51. Ke2 Bf4 52. Kf2 h4 53. Ke2 Bg5 54. Re5 e3 55. Kf3 Kf6 56. Re4 Kf5 57. Ra4 Bf6 58. Ra5+ Kg6 59. Kxe3 Bg5+ 60. Kf3 Bd8 61. Kg4 Be7 62. Ra6+ Kg7 63. Kh5 Kf7 64. Ra4 Bf6 65. Rxh4 Kg7 66. Ra4 Bb2 67. g4 Bc3 68. g5 Bb2 69. Ra7+ Kg8 70. Kg6 Kf8 71. h4 Bc3 72. h5 Bd4 73. Rb7 Bc3 74. h6 Bd4 75. h7 Bh8 76. Rb8+ Ke7 77. Rxh8 1-0

[Event "Czech Open Rapid 2019"]
[Site "Pardubice"]
[Date "2019.07.18"]
[Round "8.15"]
[White "Plat, Vojtech"]
[Black "Simacek, Pavel"]
[Result "1/2-1/2"]
[WhiteElo "2548"]
[BlackElo "2490"]
[Annotator "ChessBase"]
[PlyCount "184"]
[EventDate "2019.07.17"]
[EventType "swiss"]
[EventCountry "CZE"]
[SourceTitle "playchess.com"]
[Source "ChessBase"]
[SourceQuality "1"]

1. e4 e5 2. Nf3 Nc6 3. Bb5 Nf6 4. O-O Nxe4 5. Re1 Nd6 6. Nxe5 Nxe5 7. Rxe5+ Be7 8. Bf1 O-O 9. d4 Bf6 10. Re1 Re8 11. Rxe8+ Nxe8 12. c3 d5 13. Bf4 c6 14. Nd2 Nd6 15. Qf3 Be6 16. Re1 Qd7 17. Bd3 Bf5 18. Bxd6 Bxd3 19. Be5 Bxe5 20. Rxe5 Bg6 21. Qe2 Kf8 22. h4 f6 23. Re3 Re8 24. Nf1 Qf5 25. a3 Qf4 26. Rxe8+ Bxe8 27. Qe6 Qc7 28. Ng3 Bg6 29. h5 Bf7 30. Qg4 a5 31. b4 axb4 32. axb4 b6 33. Qf3 h6 34. Nf5 Be6 35. Ne3 Qa7 36. Qg3 Kf7 37. Kh2 Qd7 38. Qb8 b5 39. f3 Qe8 40. Qxe8+ Kxe8 41. g4 Bg8 42. Nf5 Kf8 43. Kg3 Bh7 44. Nd6 Ke7 45. Nb7 Bc2 46. f4 Kd7 47. Nc5+ Ke7 48. f5 Kf7 49. Ne6 Bd3 50. Nd8+ Ke8 51. Nxc6 Kd7 52. Na5 Be2 53. Kf4 Kd6 54. Nb7+ Kd7 55. Nc5+ Ke7 56. Ne6 Kf7 57. Kg3 Bf1 58. Nf4 Bc4 59. Ng2 Bb3 60. Ne3 Ke7 61. Kf2 Kd6 62. Ke2 Ke7 63. Kd2 Kd6 64. Kc1 Ba2 65. Kd2 Bb3 66. Kc1 Ba2 67. Kc2 Bc4 68. Kd2 Ba2 69. Ng2 Bc4 70. Nf4 Ke7 71. Ke3 Ba2 72. Ne6 Kf7 73. Nd8+ Ke7 74. Nb7 Bb3 75. Na5 Bc4 76. Nb7 Kd7 77. Nc5+ Ke7 78. Ne6 Kf7 79. Nf4 Ke7 80. Kd2 Kf7 81. Ng2 Ke7 82. Ne3 Bb3 83. Kc1 Ba2 84. Kb2 Bc4 85. Nxc4 dxc4 86. Kc2 Kd6 87. Kd2 Kc6 88. Ke3 Kd5 89. Kf4 Kc6 90. Ke4 Kd6 91. d5 Kc7 92. Ke3 Kd7 1/2-1/2

[Event "Czech Open Rapid 2019"]
[Site "Pardubice"]
[Date "2019.07.18"]
[Round "8.15"]
[White "Ret, Adam Josef"]
[Black "Tarakanov, Oleg"]
[Result "0-1"]
[WhiteElo "1943"]
[BlackElo "2118"]
[Annotator "NA"]
[PlyCount "108"]
[EventDate "2019.07.17"]
[EventType "swiss"]
[EventCountry "CZE"]
[SourceTitle "playchess.com"]
[Source "ChessBase"]
[SourceQuality "1"]

1. d4 d5 2. c4 c6 3. cxd5 cxd5 4. Nc3 Nf6 5. Bf4 g6 6. e3 Bg7 7. Nf3 O-O 8. Bd3 Nc6 9. a3 a6 10. h3 b6 11. O-O Bb7 12. b4 b5 13. Nd2 Nd7 14. Nb3 e5 15. dxe5 Ncxe5 16. Rc1 Nc4 17. Bxc4 dxc4 18. Na5 Ra7 19. Nxb7 Rxb7 20. Qd5 Qc8 21. Rfd1 Nb6 22. Qf3 Rd7 23. Rxd7 Qxd7 24. Rd1 Qc8 25. Ne4 c3 26. Rc1 Qc4 27. Nxc3 Bxc3 28. Be5 Bxe5 29. Rxc4 Nxc4 30. Qc6 Nxa3 31. Qxa6 Bb2 32. Qc6 Rd8 33. g3 h5 34. Kg2 Kg7 35. g4 hxg4 36. hxg4 Rd2 37. Kf3 Rc2 38. Qd5 Rc4 39. Qd6 Bc3 40. g5 Rxb4 41. Qc5 Nb1 42. Qd5 Nd2+ 43. Kg2 Rg4+ 44. Kh3 Rb4 45. Kg2 Nc4 46. Qf3 Rb2 47. Qh3 Ne5 48. Qc8 b4 49. Qa6 Ng4 50. Kg3 Nxf2 51. Qc6 Re2 52. Kf3 Rd2 53. Qc4 Nd3 54. e4 Ne5+ 0-1

[Event "Czech Open Rapid 2019"]
[Site "Pardubice"]
[Date "2019.07.18"]
[Round "8.16"]
[White "Zilka, Stepan"]
[Black "Jirovsky, Pavel"]
[Result "1-0"]
[WhiteElo "2534"]
[BlackElo "2322"]
[Annotator "ChessBase"]
[PlyCount "91"]
[EventDate "2019.07.17"]
[EventType "swiss"]
[EventCountry "CZE"]
[SourceTitle "playchess.com"]
[Source "ChessBase"]
[SourceQuality "1"]

1. d4 d5 2. c4 e6 3. Nf3 Nf6 4. g3 Be7 5. Bg2 O-O 6. O-O Nbd7 7. Qc2 c6 8. Nbd2 b6 9. e4 a5 10. e5 Ne8 11. b3 Ba6 12. Bb2 Nc7 13. Rfe1 c5 14. Rad1 Qb8 15. h4 Rc8 16. Ng5 Nf8 17. cxd5 Nxd5 18. Qe4 Ra7 19. Nc4 cxd4 20. Qxd4 Bc5 21. Qg4 Bb4 22. Rf1 Bxc4 23. bxc4 Nc3 24. Rd3 Na4 25. Ba1 Rac7 26. Qd1 Nc5 27. Rf3 Rd8 28. Qb1 Nb7 29. a3 Bc5 30. Ne4 Qc8 31. Rb3 a4 32. Rb5 Na5 33. Nd6 Qa6 34. Bc3 Nb3 35. Qb2 Rcd7 36. Bc6 Rc7 37. Be4 Bxd6 38. exd6 Rxc4 39. Rg5 Ng6 40. Bd3 Rxd6 41. Qe2 b5 42. Bxc4 bxc4 43. h5 Rd3 44. hxg6 Rxc3 45. gxf7+ Kxf7 46. Qe5 1-0